000 00867nam a2200253Ia 4500
003 OSt
005 20221005092847.0
006 a|||||r|||| 00| 0
007 ta
008 221004b |||||||| |||| 00| 0 eng d
020 _a0791430715 (hbk)
_c2195
024 _a98662
037 _b056, 25/09/2009, Anshika Book International Publishers & Distributors
_cTextual
040 _aCRL
_cCRL
_beng
041 _2eng
_aeng
082 _aR3xJ96:g, N6
100 _aKearns John T.
_954213
245 0 _aReconceiving experience
_b A solution to a problam inherited from deseartes
260 _aNew York
_bState University of New Press U.S.A
_c1996
300 _a474p.
_ccm.
650 _aPHILOSOPHY
942 _hR3xJ96:g, N6
_cTEXL
_2cc
999 _c999488
_d999488